Wymień kraje Bliskiego Wschodu w 2 minuty. - Statystyki

Ogólne statystyki
  • Ten quiz został rozwiązany 63 razy
    49 od ostatniego zresetowania
  • Średni wynik to 14 z 17
Statystyki odpowiedzi
Kontynent Kraj % Poprawnych
8 Azja-Europa Turcja
100%
14 Azja Irak
94%
4 Azja Izrael
94%
2 Azja Arabia Saudyjska
91%
9 Azja Syria
91%
6 Azja Oman
89%
10 Afryka-Azja Egipt
86%
13 Azja Jemen
86%
17 Azja Zjednoczone Emiraty Arabskie
83%
3 Azja Katar
80%
7 Azja Jordania
77%
12 Azja Bahrajn
74%
1 Azja Palestyna
74%
15 Azja Kuwejt
69%
5 Azja Cypr
60%
11 Azja Liban
60%
16 Afryka Sudan
49%
Nie znaleziono quizów pasujących do podanych kryteriów
Rozkład punktacji
Procent ludzi z każdym wynikiem
Percentyl według liczby udzielonych odpowiedzi
Twoja historia wyników
Nie rozwiązałeś tego quizu od ostatniego zresetowania